Pokémon di tipo Acciaio - Statistics

Statistiche generali
  • Questo quiz è stato fatto 23 volte
  • Il punteggio medio è 64 su 91
Statistiche sulle risposte
Numero Pokédex Nazionale Tipo Tipo Pokémon % Corretto
81 Elettro Acciaio Magnemite
100%
483 Acciaio Drago Dialga
92%
483 Acciaio Drago Dialga (Forma Originale)
92%
395 Acqua Acciaio Empoleon
92%
82 Elettro Acciaio Magneton
92%
462 Elettro Acciaio Magnezone
92%
27 Ghiaccio Acciaio Sandshrew (Forma di Alola)
92%
28 Ghiaccio Acciaio Sandslash (Forma di Alola)
92%
306 Acciaio Roccia Aggron
85%
493 Acciaio Acciaio Arceus (Acciaio)
85%
304 Acciaio Roccia Aron
85%
411 Roccia Acciaio Bastiodon
85%
374 Acciaio Psico Beldum
85%
625 Buio Acciaio Bisharp
85%
437 Acciaio Psico Bronzong
85%
436 Acciaio Psico Bronzor
85%
50 Terra Acciaio Diglett (Forma di Alola)
85%
51 Terra Acciaio Dugtrio (Forma di Alola)
85%
485 Fuoco Acciaio Heatran
85%
385 Acciaio Psico Jirachi
85%
600 Acciaio Acciaio Klang
85%
599 Acciaio Acciaio Klink
85%
601 Acciaio Acciaio Klinklang
85%
305 Acciaio Roccia Lairon
85%
448 Lotta Acciaio Lucario
85%
303 Acciaio Folletto Mawile
85%
306 Acciaio Acciaio MegaAggron
85%
448 Lotta Acciaio MegaLucario
85%
303 Acciaio Folletto MegaMawile
85%
376 Acciaio Psico MegaMetagross
85%
376 Acciaio Psico Metagross
85%
375 Acciaio Psico Metang
85%
624 Buio Acciaio Pawniard
85%
379 Acciaio Acciaio Registeel
85%
410 Roccia Acciaio Shieldon
85%
227 Acciaio Volante Skarmory
85%
413 Coleottero Acciaio Wormadam (Manto Scarti)
85%
638 Acciaio Lotta Cobalion
77%
589 Coleottero Acciaio Escavalier
77%
597 Erba Acciaio Ferroseed
77%
598 Erba Acciaio Ferrothorn
77%
205 Coleottero Acciaio Forretress
77%
649 Coleottero Acciaio Genesect
77%
212 Coleottero Acciaio MegaScizor
77%
212 Coleottero Acciaio Scizor
77%
632 Coleottero Acciaio Durant
69%
679 Acciaio Spettro Honedge
69%
52 Acciaio Acciaio Meowth (Forma di Galar)
69%
476 Roccia Acciaio Probopass
69%
618 Terra Acciaio Stunfisk (Forma di Galar)
69%
681 Acciaio Spettro Aegislash (Forma Scudo)
62%
681 Acciaio Spettro Aegislash (Forma Spada)
62%
1018 Acciaio Drago Archaludon
62%
823 Volante Acciaio Corviknight
62%
823 Volante Acciaio Corviknight Gigamax
62%
680 Acciaio Spettro Doublade
62%
884 Acciaio Drago Duraludon
62%
884 Acciaio Drago Duraludon Gigamax
62%
706 Acciaio Drago Goodra (Forma di Hisui)
62%
707 Acciaio Folletto Klefki
62%
208 Acciaio Terra MegaSteelix
62%
809 Acciaio Acciaio Melmetal
62%
809 Acciaio Acciaio Melmetal Gigamax
62%
808 Acciaio Acciaio Meltan
62%
773 Acciaio Acciaio Silvally (Tipo Acciaio)
62%
208 Acciaio Terra Steelix
62%
957 Folletto Acciaio Tinkatink
62%
959 Folletto Acciaio Tinkaton
62%
958 Folletto Acciaio Tinkatuff
62%
797 Acciaio Volante Celesteela
54%
879 Acciaio Acciaio Copperajah
54%
879 Acciaio Acciaio Copperajah Gigamax
54%
878 Acciaio Acciaio Cufant
54%
1000 Acciaio Spettro Gholdengo
54%
798 Erba Acciaio Kartana
54%
983 Buio Acciaio Kingambit
54%
800 Psico Acciaio Necrozma (Necrozma Criniera del Vespro)
54%
863 Acciaio Acciaio Perrserker
54%
705 Acciaio Drago Sliggoo (Forma di Hisui)
54%
990 Terra Acciaio Solcoferreo
54%
791 Psico Acciaio Solgaleo
54%
777 Elettro Acciaio Togedemaru
54%
530 Terra Acciaio Excadrill
46%
801 Acciaio Folletto Magearna
46%
968 Acciaio Acciaio Orthworm
46%
966 Acciaio Veleno Revavroom
46%
805 Roccia Acciaio Stakataka
46%
965 Acciaio Veleno Varoom
46%
888 Folletto Acciaio Zacian (Re delle Spade)
46%
889 Lotta Acciaio Zamazenta (Re degli Scudi)
46%
1023 Acciaio Psico Capoferreo
38%
Nessun quiz corrispondente trovato
Distribuzione punteggi
Percentuale di utenti per punteggio
Percentile per numero di risposta
I tuoi punteggi nel tempo
Non hai fatto questo quiz